000 00941cam a2200289 a 4500
008
020 _a0864865988 (pbk.)
049 _aMAIN
090 _aDT1754
_bBUR
100 1 _aBurgess, Steven M.
245 1 0 _aSA tribes :
_bwho we are, how we live and what we want from life in the new South Africa /
_cSteven M. Burgess.
260 _aSouth Africa :
_bDavid Philip,
_c2002.
300 _ax, 138 p. :
_bill. ;
_c22 cm.
504 _aIncludes bibliographical references.
500 _aIncludes index.
650 0 _aIndigenous peoples
_zSouth Africa.
650 0 _aSouth Africans
_xResearch.
650 0 _aGroup identity
_zSouth Africa.
650 0 _aSouth Africa
_xSocial life and customs.
700 1 _aHarris, Mari.
700 1 _aMattes, Robert B.
907 _a.b10352879
_b03-12-14
_c03-12-14
003
005 20230123122130.0
040 _cNUST
942 _cBOOKS
_kDT1754
_mBUR
999 _c128352
_d128352